Movies Quiz

Random Movies or Letter Quiz

'K' Movies by Picture Quiz Stats

Quiz Updated Oct 16, 2012

Challenge
Share
Tweet
Score 0/24 Timer 06:00
5 Plays Today
Grid Location Movie % Correct
Kung Fu Panda
97.2%
Kill Bill
91.5%
King Kong
91.5%
The Karate Kid
90.2%
Knocked Up
82.4%
A Knight's Tale
73.2%
Kick-Ass
70.4%
The King's Speech
69%
Kindergarten Cop
65.2%
Knight and Day
59.3%
Kicking and Screaming
50.9%
Kingpin
40.4%
Grid Location Movie % Correct
Kazaam
39.5%
Kramer vs. Kramer
39.5%
King Arthur
34.8%
The Kids are All Right
31.8%
K-Pax
31.6%
Kickboxer
30.2%
King Ralph
26.4%
Knowing
19.5%
Kate and Leopold
19.3%
The Kingdom
16.1%
Kiss Kiss, Bang Bang
16%
Keeping the Faith
14.2%

You're not logged in!

Compare scores with friends on all Sporcle quizzes.
Sign Up with Email
OR
Log In

You Might Also Like...

Show Comments

Extras

Top Quizzes Today


Score Distribution

Your Account Isn't Verified!

In order to create a playlist on Sporcle, you need to verify the email address you used during registration. Go to your Sporcle Settings to finish the process.